000 00605nam a2200193Ia 4500
003 GCL
008 140319s9999 xx 000 0 ara d
040 _aGCL /
_cGCL
082 0 4 _a213.5
_bم ف
100 1 _aمحمد جمال الدين القاسمى
245 1 0 _aقواعد التحديث من فنون مصطلح التحديث /
_cمحمد جمال الدين القاسمى
260 _a[S.N] :
_bدار الكتب العلمية للنشر والتوزيع
300 _a415 ص
490 _a
650 0 4 _aالحديث
650 0 4 _aمصطلحات
650 0 4 _aشرح
942 _2ddc
_cBK
999 _c35896
_d35896